000 00433nam a2200157 i 4500
001 58223
003 ES-MaACL
005 20230906163743.0
007 t|
008 031021s1926 sp ||||1| spa d
100 1 _aDurán Cañameras, Félix.
_946209
245 1 3 _aLa escultura medieval catalana /
_cFélix Durán.
260 _aMadrid :
_bCaro Raggio,
_c[1926]
300 _a238 p., 81 lám. ;
_c18 cm.
852 _aES-MaACL
_jF-1340
999 _c58223
_d58223